[Event "31è Open International d'Avoine 2016"]
[Site "Avoine"]
[Date "2016.07.23"]
[Round "3.8"]
[White "Ronce, Nathan"]
[Black "Bujisho, Benjamin"]
[Result "0-1"]
[WhiteElo "2122"]
[BlackElo "2354"]
[PlyCount "146"]
[EventDate "2016.??.??"]

1. e4 c5 2. Be2 g6 3. d3 Bg7 4. f4 Nc6 5. Nf3 d5 6. O-O e6 7. Qe1 Nge7 8. Nc3
h6 9. Kh1 b6 10. a4 Bb7 11. Bd1 Qd7 12. Rb1 a6 13. Ne2 d4 14. Ng3 f5 15. Bd2
O-O 16. Qe2 Rae8 17. e5 Nd5 18. c4 dxc3 19. bxc3 Rb8 20. Bc2 Ba8 21. Qf2 Rfc8
22. h4 h5 23. Ne2 Bh6 24. Ng5 Bxg5 25. hxg5 b5 26. Bb3 Nce7 27. axb5 axb5 28.
c4 Nb6 29. cxb5 c4 30. Be3 cxb3 31. Bxb6 Qxb5 32. Ba7 Rb7 33. Rfd1 Qd5 34. Bd4
Rbc7 35. Rb2 Rc2 36. Rd2 Rxd2 37. Rxd2 Qa5 38. Ng1 Qb4 39. Bb2 Nd5 40. Nh3 Bb7
41. Kh2 Ra8 42. Kg3 Ra4 43. Rd1 h4+ 44. Kxh4 Nxf4 45. d4 Nxh3 46. Kxh3 Qe7 47.
Qe3 Qh7+ 48. Kg3 Bd5 49. Qc1 Rc4 50. Qe3 Qh5 51. Rd2 Qg4+ 52. Kh2 Qh4+ 53. Kg1
f4 54. Qd3 Qxg5 55. Kf1 Kg7 56. Rf2 Qh6 57. Kg1 g5 58. Qd2 Rc7 59. Qa5 Rf7 60.
Bc1 Kg6 61. Qd8 Kg7 62. Qa5 Qg6 63. Qd8 Qh5 64. Ba3 g4 65. Be7 g3 66. Bf6+ Kg6
67. Qg8+ Kf5 68. Qxg3 Qd1+ 69. Kh2 Rh7+ 70. Bh4 Qg4 71. Kg1 Qxg3 72. Bxg3 b2
73. Rxb2 fxg3 0-1

[Event "31è Open International d'Avoine 2016"]
[Site "Avoine"]
[Date "2016.07.23"]
[Round "3.9"]
[White "Stephan, Victor"]
[Black "Eugene, Floryan"]
[Result "1-0"]
[WhiteElo "2353"]
[BlackElo "2199"]
[PlyCount "97"]
[EventDate "2016.??.??"]

1. d4 Nf6 2. c4 g6 3. Nc3 Bg7 4. e4 d6 5. Be2 O-O 6. Nf3 Nbd7 7. O-O e5 8. Qc2
Re8 9. Rd1 c6 10. d5 cxd5 11. cxd5 a5 12. Bg5 Nc5 13. Rac1 Bd7 14. Nb5 Rc8 15.
Nxd6 Ba4 16. b3 Nxb3 17. Qxc8 Nxc1 18. Rxc1 Qxd6 19. Bxf6 Bxf6 20. Qxb7 Qa3 21.
Qc7 Bd8 22. Qc3 Qd6 23. Nd2 Bg5 24. Nc4 Qb8 25. Rf1 Qb4 26. Qxb4 axb4 27. Rb1
Rb8 28. Bd1 Bxd1 29. Rxd1 Ra8 30. Rb1 Rxa2 31. Kf1 Ra4 32. Nb6 Ra6 33. Rxb4 Be7
34. Rb5 Ra1+ 35. Ke2 Ra2+ 36. Kd3 Rxf2 37. Nc4 Rxg2 38. Rb8+ Kg7 39. Rb7 Bg5
40. Nxe5 Rd2+ 41. Kc4 Re2 42. Kd4 Rd2+ 43. Kc3 Rf2 44. d6 Bf6 45. Rxf7+ Kg8 46.
Re7 Kf8 47. Re6 Rf3+ 48. Kc4 Rf1 49. Rxf6+ 1-0

[Event "31è Open International d'Avoine 2016"]
[Site "Avoine"]
[Date "2016.07.23"]
[Round "3.10"]
[White "Taille, Jean-Yves"]
[Black "Filip, Lucian"]
[Result "0-1"]
[WhiteElo "1947"]
[BlackElo "2440"]
[PlyCount "66"]
[EventDate "2016.??.??"]

1. e4 c5 2. Nf3 e6 3. d4 cxd4 4. Nxd4 a6 5. Nc3 Qc7 6. g3 Bb4 7. Bd2 Nf6 8. Bg2
Nc6 9. Nxc6 bxc6 10. O-O Be7 11. Bf4 e5 12. Be3 d6 13. Na4 Rb8 14. h3 O-O 15.
c4 Rd8 16. Rc1 Nd7 17. Qe2 Nf8 18. Rfd1 c5 19. Nc3 Ne6 20. f4 Nd4 21. Qf2 Bb7
22. fxe5 dxe5 23. Nd5 Bxd5 24. cxd5 Bd6 25. g4 a5 26. Rc4 Rb4 27. Rdc1 Rdb8 28.
Rxb4 Rxb4 29. b3 a4 30. Bd2 Rb8 31. b4 Qa7 32. bxc5 Bxc5 33. Be3 Ne2+ 0-1

[Event "31è Open International d'Avoine 2016"]
[Site "Avoine"]
[Date "2016.07.23"]
[Round "3.11"]
[White "Stets, Dmitry"]
[Black "Lebret, Jean-Michel"]
[Result "1-0"]
[WhiteElo "2416"]
[BlackElo "2110"]
[PlyCount "73"]
[EventDate "2016.??.??"]

1. e4 c5 2. Nf3 d6 3. d4 cxd4 4. Nxd4 Nf6 5. Nc3 g6 6. Be3 Bg7 7. f3 O-O 8. Bc4
Nc6 9. Bb3 Bd7 10. h4 Rb8 11. h5 Nxh5 12. g4 Nxd4 13. Bxd4 e5 14. Bxa7 Ra8 15.
gxh5 Rxa7 16. hxg6 hxg6 17. Qxd6 Ra6 18. Qd2 Be6 19. Bxe6 Qxd2+ 20. Kxd2 Rxe6
21. Ke2 f5 22. Rad1 f4 23. Rd7 Rf7 24. Rhd1 Ree7 25. Rxe7 Rxe7 26. Rd6 Kh7 27.
Nd1 Kh6 28. Nf2 Kg5 29. Ng4 Bh8 30. a4 Rh7 31. a5 Rh1 32. Rd1 Rh4 33. Rg1 Kh5
34. b4 Bg7 35. Rg2 Bf8 36. b5 Rh1 37. Rh2+ 1-0

[Event "31è Open International d'Avoine 2016"]
[Site "Avoine"]
[Date "2016.07.23"]
[Round "3.12"]
[White "Colin, Vincent"]
[Black "Cau, Benjamin"]
[Result "1-0"]
[WhiteElo "2395"]
[BlackElo "2092"]
[PlyCount "53"]
[EventDate "2016.??.??"]

1. d4 d5 2. c4 c6 3. Nf3 Nf6 4. e3 Bf5 5. Nc3 e6 6. Nh4 Bg6 7. Nxg6 hxg6 8. a3
Bd6 9. g3 Nbd7 10. c5 Bc7 11. f4 g5 12. Bg2 gxf4 13. exf4 b6 14. b4 a5 15. Rb1
axb4 16. axb4 bxc5 17. dxc5 e5 18. O-O exf4 19. Bxf4 Bxf4 20. gxf4 O-O 21. Qd4
Qc7 22. Rfe1 Rfe8 23. b5 cxb5 24. Nxd5 Nxd5 25. Qxd5 Rxe1+ 26. Rxe1 Rd8 27. Rd1
1-0

[Event "31è Open International d'Avoine 2016"]
[Site "Avoine"]
[Date "2016.07.23"]
[Round "3.13"]
[White "Lerch, Patrice"]
[Black "Destic, Pablo"]
[Result "1-0"]
[WhiteElo "2392"]
[BlackElo "1918"]
[PlyCount "49"]
[EventDate "2016.??.??"]

1. e4 e5 2. Bc4 Nc6 3. Nf3 Bc5 4. O-O Nf6 5. d3 d6 6. c3 h6 7. a4 a6 8. Na3 Ba7
9. Nc2 Be6 10. Bxe6 fxe6 11. Be3 O-O 12. Bxa7 Rxa7 13. Re1 Ne7 14. d4 Ng6 15.
dxe5 dxe5 16. Ne3 Qe7 17. Nc4 Qc5 18. Qe2 a5 19. Qe3 Qxe3 20. Rxe3 Ng4 21. Ree1
Rf4 22. Rad1 Nf6 23. Rd8+ Kh7 24. Nfd2 Ng4 25. f3 1-0

[Event "31è Open International d'Avoine 2016"]
[Site "Avoine"]
[Date "2016.07.23"]
[Round "3.14"]
[White "Haub, Thorsten Michael"]
[Black "Vervelle, Sebastien"]
[Result "1-0"]
[WhiteElo "2363"]
[BlackElo "1796"]
[PlyCount "47"]
[EventDate "2016.??.??"]

1. g3 d5 2. Bg2 g6 3. d3 Bg7 4. Nd2 e5 5. Ngf3 Ne7 6. O-O O-O 7. e4 Nbc6 8. c3
a5 9. a4 h6 10. exd5 Nxd5 11. Nc4 Nb6 12. Nxb6 cxb6 13. Be3 Bf5 14. d4 exd4 15.
Nxd4 Nxd4 16. cxd4 Qd7 17. Qb3 Qd6 18. Bxb7 Ra7 19. Bf3 g5 20. Rfc1 Rc8 21. d5
Rb7 22. Rc6 Rxc6 23. dxc6 Rc7 24. Qxb6 1-0

[Event "31è Open International d'Avoine 2016"]
[Site "Avoine"]
[Date "2016.07.23"]
[Round "3.15"]
[White "Deslandes, Pascal"]
[Black "Roux, Baptiste"]
[Result "1/2-1/2"]
[WhiteElo "2302"]
[BlackElo "1749"]
[PlyCount "76"]
[EventDate "2016.??.??"]

1. e4 c5 2. c3 Nf6 3. e5 Nd5 4. d4 cxd4 5. cxd4 e6 6. Nf3 d6 7. a3 Nc6 8. Bc4
Qc7 9. O-O Be7 10. Qe2 O-O 11. Nbd2 dxe5 12. dxe5 Rd8 13. b4 a6 14. Bb2 b5 15.
Ba2 Bb7 16. g3 a5 17. bxa5 Rxa5 18. Bb3 b4 19. axb4 Ndxb4 20. Nc4 Rxa1 21. Rxa1
Nd3 22. Ba3 Bxa3 23. Rxa3 Nc1 24. Qc2 Nxb3 25. Qxb3 Nd4 26. Nxd4 Rxd4 27. Ra7
Qxc4 28. Qxc4 Rxc4 29. Rxb7 g5 30. Rb5 Kg7 31. h3 h5 32. f3 Rc2 33. g4 hxg4 34.
hxg4 Rd2 35. Rb4 Kf8 36. Rb8+ Kg7 37. Rb4 Re2 38. Rb5 Rd2 1/2-1/2

[Event "31è Open International d'Avoine 2016"]
[Site "Avoine"]
[Date "2016.07.23"]
[Round "3.16"]
[White "Grigorian, Roudolph"]
[Black "Burri, Quentin"]
[Result "0-1"]
[WhiteElo "2110"]
[BlackElo "2294"]
[PlyCount "106"]
[EventDate "2016.??.??"]

1. Nf3 c5 2. b3 d6 3. c4 Nc6 4. Bb2 e5 5. d3 g6 6. g3 Bg7 7. Bg2 Nge7 8. O-O
O-O 9. Nc3 h6 10. Ne1 Be6 11. Nd5 Qd7 12. Nc2 Bh3 13. Bxh3 Qxh3 14. Nce3 g5 15.
Qe1 f5 16. f4 exf4 17. Bxg7 Kxg7 18. gxf4 Nxd5 19. Nxd5 Nd4 20. Nc7 Rac8 21. e3
Nf3+ 22. Rxf3 Qxf3 23. Ne6+ Kf7 24. Nxf8 gxf4 25. Qf2 Qxf2+ 26. Kxf2 fxe3+ 27.
Kxe3 Rxf8 28. Kf4 Kf6 29. Rg1 Re8 30. h4 Re2 31. h5 Rf2+ 32. Ke3 Rh2 33. Rg6+
Ke5 34. Rxh6 Rh3+ 35. Ke2 a5 36. Rh7 Kf4 37. Rh6 Rh2+ 38. Kf1 Kf3 39. Kg1 Rg2+
40. Kh1 Rg5 41. Kh2 f4 42. Kh3 Rg1 43. Kh2 Rg5 44. Kh3 Rf5 45. Kh4 Ke3 46. Re6+
Kxd3 47. Rxd6+ Kc2 48. h6 f3 49. h7 f2 50. h8=Q f1=Q 51. Qh6 Qh1+ 52. Kg4 Qf3+
53. Kh4 Rf4+ 0-1

[Event "31è Open International d'Avoine 2016"]
[Site "Avoine"]
[Date "2016.07.23"]
[Round "3.17"]
[White "Goettelmann, Guillaume"]
[Black "Devallee, Jeremie"]
[Result "0-1"]
[WhiteElo "2103"]
[BlackElo "2284"]
[PlyCount "52"]
[EventDate "2016.??.??"]

1. d4 Nf6 2. c4 e6 3. Nf3 Bb4+ 4. Bd2 a5 5. g3 O-O 6. Bg2 d5 7. Qc2 Nc6 8. O-O
Bd7 9. Bf4 Bd6 10. Nbd2 Nb4 11. Qc3 dxc4 12. Bxd6 cxd6 13. Qxc4 Qb6 14. a3 Na6
15. Qb3 Qxb3 16. Nxb3 Nb8 17. Rac1 Bb5 18. Rfe1 Nc6 19. e4 a4 20. Nbd2 d5 21.
e5 Ne8 22. Bf1 Nc7 23. Rc5 Bxf1 24. Kxf1 Ra6 25. Rec1 Rb6 26. R1c2 Nb5 0-1

[Event "31è Open International d'Avoine 2016"]
[Site "Avoine"]
[Date "2016.07.23"]
[Round "3.18"]
[White "Mancini, Mario"]
[Black "Wendling, Robin"]
[Result "1-0"]
[WhiteElo "2278"]
[BlackElo "1707"]
[PlyCount "93"]
[EventDate "2016.??.??"]

1. e4 c5 2. Nf3 a6 3. d4 cxd4 4. Nxd4 Nf6 5. Nc3 e5 6. Nf3 Bb4 7. Bd2 O-O 8.
Bd3 d6 9. h3 b5 10. O-O Bb7 11. Re1 Nbd7 12. a3 Ba5 13. b4 Bc7 14. a4 d5 15.
exd5 Nxd5 16. Nxd5 Bxd5 17. Bc3 Bxf3 18. Qxf3 f5 19. Bxf5 Bb6 20. Qd5+ Kh8 21.
Qxd7 Bxf2+ 22. Kh1 Bxe1 23. Rxe1 Qg5 24. Bd3 Rad8 25. Qg4 Qxg4 26. hxg4 bxa4
27. Rxe5 Rc8 28. Bb2 Rf4 29. Bf5 Rg8 30. Ba3 Rf1+ 31. Kh2 Ra1 32. Bb2 Rb1 33.
Bc3 a3 34. Ra5 Rd8 35. Rxa3 Rd6 36. Ra5 Kg8 37. Rc5 g6 38. Bd3 Rb6 39. Rc7
R1xb4 40. Bxb4 Rxb4 41. Kg3 a5 42. Ra7 Ra4 43. g5 Ra1 44. Kf4 Kf8 45. Ke5 Ke8
46. Kd6 a4 47. Rxa4 1-0

[Event "31è Open International d'Avoine 2016"]
[Site "Avoine"]
[Date "2016.07.23"]
[Round "3.19"]
[White "Maloberti, David"]
[Black "Doluhanova, Evgeniya"]
[Result "1-0"]
[WhiteElo "2029"]
[BlackElo "2269"]
[PlyCount "99"]
[EventDate "2016.??.??"]

1. d4 Nf6 2. c4 e6 3. Nf3 Bb4+ 4. Nc3 d5 5. a3 Bxc3+ 6. bxc3 O-O 7. Bg5 c5 8.
e3 Qa5 9. Qb3 Ne4 10. Be7 Re8 11. Bxc5 Nxc5 12. dxc5 Qxc5 13. Qb5 Qxb5 14. cxb5
Bd7 15. Kd2 Rc8 16. Bd3 Be8 17. a4 Nd7 18. Rhb1 Nc5 19. Bc2 f6 20. Nd4 a6 21.
b6 Bg6 22. Bxg6 hxg6 23. f3 Kf7 24. Nb3 Nxb3+ 25. Rxb3 Rc4 26. Kd3 Rac8 27. Ra2
e5 28. Kd2 Ke6 29. Raa3 f5 30. a5 g5 31. h3 g4 32. hxg4 fxg4 33. Rb4 Rh8 34.
Kd3 Rh2 35. Rxc4 dxc4+ 36. Kxc4 Rxg2 37. fxg4 Kd6 38. Kb4 Rxg4+ 39. c4 e4 40.
Ra1 Rg2 41. Rd1+ Kc6 42. Rd8 Rb2+ 43. Kc3 Re2 44. Rc8+ Kd7 45. Rc7+ Kd8 46. Kd4
Ra2 47. Rxb7 Rxa5 48. Rxg7 Kc8 49. c5 Ra1 50. Kd5 1-0

[Event "31è Open International d'Avoine 2016"]
[Site "Avoine"]
[Date "2016.07.23"]
[Round "3.20"]
[White "Bouget, Alexandre"]
[Black "Weibel, Theo"]
[Result "1-0"]
[WhiteElo "2196"]
[BlackElo "1670"]
[PlyCount "45"]
[EventDate "2016.??.??"]

1. d4 d5 2. c4 e6 3. Nc3 f5 4. cxd5 exd5 5. e4 dxe4 6. Bc4 Nf6 7. Nh3 c6 8. Qb3
Qb6 9. Bf7+ Kd8 10. Qc2 Na6 11. O-O Bd6 12. Bc4 Nb4 13. Qd2 h6 14. d5 cxd5 15.
Bxd5 Nfxd5 16. Nxd5 Nxd5 17. Qxd5 Qc6 18. Qd4 Qd7 19. Rd1 Kc7 20. Be3 Rd8 21.
Rac1+ Kb8 22. Qxd6+ Qxd6 23. Rxd6 1-0

[Event "31è Open International d'Avoine 2016"]
[Site "Avoine"]
[Date "2016.07.23"]
[Round "3.21"]
[White "Bressy, Theo"]
[Black "Gvanceladze, Anna"]
[Result "0-1"]
[WhiteElo "2092"]
[BlackElo "2179"]
[PlyCount "110"]
[EventDate "2016.??.??"]

1. e4 c6 2. d4 d5 3. e5 c5 4. dxc5 Nc6 5. Nf3 Bg4 6. c3 e6 7. b4 Nge7 8. Qa4
Bxf3 9. gxf3 g6 10. Na3 Bg7 11. f4 a6 12. Nc2 Nf5 13. Nd4 Nfxd4 14. cxd4 O-O
15. Be3 Qh4 16. Qc2 g5 17. Qd2 f6 18. exf6 Bxf6 19. O-O-O gxf4 20. Bxf4 Bxd4
21. Rg1+ Bg7 22. Bh6 Rf7 23. Qg5 Qxg5+ 24. Rxg5 Kh8 25. Bxg7+ Rxg7 26. Rxg7
Kxg7 27. a3 Rf8 28. Rd2 Rf3 29. Kb2 Kf6 30. Bg2 Rf4 31. Bf1 h5 32. Kb3 Ke7 33.
Ka4 Kd7 34. Bh3 Nd4 35. Rd3 Kc6 36. Re3 Rf3 37. Rxf3 Nxf3 38. Bxe6 Nxh2 39. Kb3
Nf3 40. Kc3 h4 41. Bg4 Ng1 42. f4 h3 43. Bxh3 Nxh3 44. f5 Ng5 45. Kd4 Nf3+ 46.
Ke3 Nh4 47. f6 Kd7 48. f7 Ng6 49. Kd4 Ke6 50. a4 Nf8 51. b5 a5 52. b6 Nd7 53.
f8=Q Nxf8 54. c6 bxc6 55. Kc5 Kd7 0-1

[Event "31è Open International d'Avoine 2016"]
[Site "Avoine"]
[Date "2016.07.23"]
[Round "3.22"]
[White "Djidjeli, Sofiane"]
[Black "Rubino, William"]
[Result "0-1"]
[WhiteElo "1930"]
[BlackElo "2173"]
[PlyCount "66"]
[EventDate "2016.??.??"]

1. e4 c5 2. Nf3 d6 3. Bb5+ Bd7 4. Bxd7+ Qxd7 5. O-O g6 6. c3 Bg7 7. d4 cxd4 8.
cxd4 e6 9. Nc3 Ne7 10. Be3 O-O 11. Qd2 d5 12. e5 Nbc6 13. Bh6 Bxh6 14. Qxh6 Nf5
15. Qd2 Qe7 16. Rad1 Kg7 17. Ne2 Rfc8 18. Rc1 Qb4 19. Rfd1 Qxd2 20. Rxd2 Nfe7
21. Nc3 a6 22. a3 Na5 23. Rdc2 Nb3 24. Rd1 Rc6 25. Re2 Rac8 26. g4 b5 27. Re3
Na5 28. Nd2 g5 29. Rf3 Nc4 30. Nxc4 Rxc4 31. Rdd3 Ng6 32. Na2 Nh4 33. Rfe3 Rc1+
0-1

[Event "31è Open International d'Avoine 2016"]
[Site "Avoine"]
[Date "2016.07.23"]
[Round "3.23"]
[White "Thorel, Gregoire"]
[Black "Najart, David"]
[Result "0-1"]
[WhiteElo "1793"]
[BlackElo "2159"]
[PlyCount "58"]
[EventDate "2016.??.??"]

1. e4 c5 2. Nf3 d6 3. d4 cxd4 4. Nxd4 Nf6 5. Nc3 a6 6. Be2 e5 7. Nb3 Be7 8. a4
Be6 9. Be3 Nbd7 10. O-O O-O 11. f4 exf4 12. Bxf4 Ne5 13. Kh1 Rc8 14. Nd5 Nxe4
15. Nxe7+ Qxe7 16. Nd4 Ng6 17. Bd3 Nc5 18. Bxg6 hxg6 19. Nxe6 Qxe6 20. Qxd6
Rfd8 21. Qxe6 Nxe6 22. Be5 Rxc2 23. Rfd1 Rxd1+ 24. Rxd1 Nc5 25. h3 f6 26. Rd8+
Kh7 27. Bd4 Ne6 28. Rd6 Nxd4 29. Rxd4 Rxb2 0-1

[Event "31è Open International d'Avoine 2016"]
[Site "Avoine"]
[Date "2016.07.23"]
[Round "3.24"]
[White "Maugenest, Matthieu"]
[Black "Roussel, Glenn"]
[Result "0-1"]
[WhiteElo "1705"]
[BlackElo "2139"]
[PlyCount "80"]
[EventDate "2016.??.??"]

1. d4 d5 2. Nf3 Nf6 3. c4 dxc4 4. e3 a6 5. a4 c5 6. Bxc4 Nc6 7. O-O Bg4 8. dxc5
Qxd1 9. Rxd1 e5 10. h3 Bh5 11. Re1 Bxc5 12. Bd2 e4 13. Nh2 O-O 14. Bc3 Rad8 15.
Nf1 Nd5 16. Ng3 Bg6 17. Bxd5 Rxd5 18. Nd2 f5 19. Nb3 Bb4 20. Nd4 Bxc3 21. bxc3
Rc8 22. Nge2 Bf7 23. Rec1 Na5 24. Rab1 g6 25. h4 Rdc5 26. Rb2 Rc4 27. Rb4 Be8
28. Kh2 Bxa4 29. Ra1 b5 30. Kg3 Kf7 31. f3 Re8 32. h5 exf3 33. Kxf3 Rc7 34.
hxg6+ hxg6 35. Rh1 Kg7 36. Ng3 Rxc3 37. Ndxf5+ gxf5 38. Nxf5+ Kg6 39. Rbh4 Nc4
40. Kf2 Rf8 0-1

[Event "31è Open International d'Avoine 2016"]
[Site "Avoine"]
[Date "2016.07.23"]
[Round "3.25"]
[White "Dalaud, Dorian"]
[Black "De Lussac, Rainier"]
[Result "0-1"]
[WhiteElo "1698"]
[BlackElo "2121"]
[PlyCount "72"]
[EventDate "2016.??.??"]

1. e4 c5 2. Nf3 e6 3. d4 cxd4 4. Nxd4 Nc6 5. Nc3 Qc7 6. Ndb5 Qb8 7. Be3 a6 8.
Bb6 axb5 9. Nxb5 Bb4+ 10. c3 Ba5 11. Nc7+ Qxc7 12. Bxc7 Bxc7 13. Qg4 g6 14. Bd3
Ne5 15. Qe2 Nf6 16. O-O O-O 17. Bc2 d5 18. f4 Nc6 19. e5 Nd7 20. h4 f5 21. h5
Rf7 22. Rf3 g5 23. g3 Rg7 24. Kh2 b6 25. Bd3 Bb7 26. b4 gxf4 27. gxf4 Ndxe5 28.
fxe5 Nxe5 29. Kh3 Nxf3 30. Qxf3 Rg3+ 31. Qxg3+ Bxg3 32. Kxg3 Ra3 33. Kf4 Rxc3
34. Bb5 Kf7 35. Rg1 Kf6 36. Re1 d4 0-1

[Event "31è Open International d'Avoine 2016"]
[Site "Avoine"]
[Date "2016.07.23"]
[Round "3.26"]
[White "Djuric, Stefan"]
[Black "Viers, Alexandre"]
[Result "1-0"]
[WhiteElo "2420"]
[BlackElo "1638"]
[PlyCount "69"]
[EventDate "2016.??.??"]

1. e4 d6 2. d4 g6 3. Nf3 Bg7 4. Bc4 Nf6 5. Qe2 Na6 6. O-O c6 7. e5 Nd5 8. Bxa6
bxa6 9. c4 Nc7 10. exd6 Qxd6 11. Nc3 Bg4 12. Ne4 Qe6 13. Re1 O-O 14. Bf4 Bxf3
15. Qxf3 Ne8 16. Nc5 Qxc4 17. Nd7 Bxd4 18. Nxf8 Kxf8 19. Bh6+ Ng7 20. Rac1 Qd5
21. Rxc6 Qxf3 22. gxf3 Bxb2 23. Rxa6 Ke8 24. Be3 Ne6 25. Rxa7 Rd8 26. a4 Rd3
27. Rb1 Be5 28. Rbb7 Bd6 29. Ra8+ Nd8 30. Bb6 Be5 31. a5 Bf6 32. a6 e6 33. Bxd8
Bxd8 34. a7 Ra3 35. Rbb8 1-0

[Event "31è Open International d'Avoine 2016"]
[Site "Avoine"]
[Date "2016.07.23"]
[Round "3.27"]
[White "Sanglan, Philippe"]
[Black "Ollier, Pablo"]
[Result "0-1"]
[WhiteElo "1972"]
[BlackElo "2362"]
[PlyCount "62"]
[EventDate "2016.??.??"]

1. b3 e5 2. Bb2 Nc6 3. e3 d5 4. Bb5 Bd6 5. f4 Qh4+ 6. g3 Qe7 7. Nf3 f6 8. Qe2
Nh6 9. Nc3 Be6 10. fxe5 fxe5 11. O-O-O O-O 12. Bxc6 bxc6 13. Qg2 e4 14. Ng1 a5
15. h3 a4 16. Nge2 axb3 17. cxb3 Nf7 18. Kb1 Ne5 19. Nc1 Rfb8 20. Rhf1 Ba3 21.
d4 Nc4 22. Bxa3 Qxa3 23. Qe2 Bxh3 24. Rf2 Rf8 25. Re1 Rf3 26. Nd1 Qb4 27. Nd3
exd3 28. Qxf3 Nd2+ 29. Rxd2 Qxd2 30. Qf2 Rxa2 31. Qxd2 Rxd2 0-1

[Event "31è Open International d'Avoine 2016"]
[Site "Avoine"]
[Date "2016.07.23"]
[Round "3.28"]
[White "Afraoui, Solenn"]
[Black "Shirazi, Kamran"]
[Result "0-1"]
[WhiteElo "1970"]
[BlackElo "2350"]
[PlyCount "56"]
[EventDate "2016.??.??"]

1. Nf3 Nf6 2. g3 d6 3. d4 Nbd7 4. c4 e5 5. Nc3 g6 6. Bg2 Bg7 7. O-O O-O 8. e4
exd4 9. Nxd4 Re8 10. h3 a6 11. Re1 Rb8 12. Be3 Ne5 13. b3 c5 14. Nde2 b5 15. f4
Ned7 16. cxb5 axb5 17. Qxd6 b4 18. e5 Rb6 19. Qd3 Ba6 20. Qc2 bxc3 21. exf6
Rxe3 22. fxg7 Rbe6 23. Bf1 Qe8 24. Kf2 Bd3 25. Qd1 c4 26. bxc4 Qa8 27. Nd4 Rxe1
28. Qxe1 Nc5 0-1

[Event "31è Open International d'Avoine 2016"]
[Site "Avoine"]
[Date "2016.07.23"]
[Round "3.29"]
[White "Eden, James"]
[Black "Hadet, Emmanuel"]
[Result "1-0"]
[WhiteElo "2293"]
[BlackElo "1970"]
[PlyCount "103"]
[EventDate "2016.??.??"]

1. e4 c5 2. Nf3 e6 3. d4 cxd4 4. Nxd4 a6 5. Bd3 b5 6. O-O Bb7 7. Nc3 Nc6 8.
Nxc6 Bxc6 9. a3 Qc7 10. Be3 Nf6 11. Qe2 Be7 12. f4 d6 13. Rad1 O-O 14. Rf3 Ng4
15. Bd4 f5 16. exf5 Bxf3 17. Qxf3 exf5 18. Bxf5 Nf6 19. g4 Rae8 20. g5 Nd7 21.
Bxh7+ Kxh7 22. Qh5+ Kg8 23. g6 Nf6 24. Qh4 Bd8 25. Rd3 Qd7 26. Bxf6 gxf6 27. g7
Qxg7+ 28. Rg3 Re1+ 29. Kf2 Rfe8 30. Rxg7+ Kxg7 31. Qg4+ Kf8 32. Nd5 Rc1 33. Qf5
Rce1 34. Qh5 Kg7 35. Qg4+ Kf8 36. h4 Kf7 37. h5 R8e2+ 38. Kf3 Rh2 39. Qg6+ Kf8
40. h6 Reh1 41. Qg7+ Ke8 42. Qg8+ Kd7 43. Qf7+ Kc6 44. Nb4+ Kb6 45. Qd7 Rh3+
46. Kg4 f5+ 47. Kxf5 Rh5+ 48. Ke4 Re1+ 49. Kf3 Be7 50. Qc6+ Ka7 51. Qc7+ Ka8
52. Nc6 1-0

[Event "31è Open International d'Avoine 2016"]
[Site "Avoine"]
[Date "2016.07.23"]
[Round "3.30"]
[White "Giacomini, Hector"]
[Black "Budak, Rewi"]
[Result "1/2-1/2"]
[WhiteElo "2239"]
[BlackElo "1969"]
[PlyCount "77"]
[EventDate "2016.??.??"]

1. d4 c5 2. e3 d5 3. Nf3 e6 4. c4 Nf6 5. Nc3 Nc6 6. cxd5 exd5 7. Be2 Be6 8. O-O
Rc8 9. Re1 Be7 10. dxc5 Bxc5 11. a3 O-O 12. Na4 Bd6 13. b4 Ne4 14. Bb2 Re8 15.
Rc1 Qe7 16. g3 Bh3 17. Qd3 Be5 18. Nxe5 Nxe5 19. Qd4 Qf6 20. f4 Rxc1 21. Rxc1
Bg4 22. Qd1 h5 23. Qf1 Qh6 24. Bxe5 Rxe5 25. Nc5 Re7 26. Nxe4 dxe4 27. Bxg4
hxg4 28. Rc8+ Kh7 29. Qd1 Qe6 30. Qd8 Qd7 31. Kf2 Kg6 32. Qxd7 Rxd7 33. Ke2 f5
34. Rc3 Kf6 35. a4 g5 36. Rc2 gxf4 37. gxf4 Rh7 38. Kf1 Rd7 39. Rc8 1/2-1/2

[Event "31è Open International d'Avoine 2016"]
[Site "Avoine"]
[Date "2016.07.23"]
[Round "3.31"]
[White "Le Franc, Yves"]
[Black "Bonnaud, Remy"]
[Result "0-1"]
[WhiteElo "1970"]
[BlackElo "2237"]
[PlyCount "98"]
[EventDate "2016.??.??"]

1. d4 d5 2. c4 c6 3. e3 Nf6 4. Nc3 e6 5. f4 Nbd7 6. Nf3 Be7 7. Bd3 dxc4 8. Bxc4
b5 9. Bd3 b4 10. Ne2 c5 11. O-O Bb7 12. Kh1 O-O 13. Ne5 Rc8 14. Ng3 cxd4 15.
exd4 g6 16. Be3 Nb6 17. Qd2 Nbd5 18. Bg1 Qd6 19. Rac1 Ba6 20. Rxc8 Rxc8 21. Rc1
Rxc1 22. Qxc1 Bxd3 23. Nxd3 Qa6 24. Qb1 Qc4 25. Ne5 Qa6 26. Nd3 Bd6 27. Ne2 Nh5
28. Qc2 Nhxf4 29. Nexf4 Bxf4 30. b3 Bd6 31. Nf2 Qf1 32. Ne4 Bf4 33. Qf2 Qc1 34.
Ng3 a5 35. Ne2 Qd2 36. Qf3 Bd6 37. h4 Qxa2 38. h5 Qd2 39. hxg6 hxg6 40. Bh2
Qd1+ 41. Ng1 Qxf3 42. Nxf3 Bxh2 43. Kxh2 Kf8 44. Ne5 Nc3 45. Nc4 a4 46. bxa4
Nxa4 47. Kg3 b3 48. Kf4 b2 49. Nd2 Nc3 0-1

[Event "31è Open International d'Avoine 2016"]
[Site "Avoine"]
[Date "2016.07.23"]
[Round "3.32"]
[White "Lapeyre, Pierre"]
[Black "Mirimanian, Hayk"]
[Result "0-1"]
[WhiteElo "1966"]
[BlackElo "2221"]
[PlyCount "90"]
[EventDate "2016.??.??"]

1. f4 d5 2. Nf3 g6 3. e3 Bg7 4. Be2 c5 5. d3 Nc6 6. O-O Nf6 7. Qe1 O-O 8. a4
Re8 9. Ne5 Qd6 10. Qg3 Nd7 11. Nxc6 bxc6 12. Nd2 e5 13. f5 gxf5 14. Rxf5 Nf8
15. Rf2 f5 16. Nf3 Ng6 17. c3 Rf8 18. Ng5 Bh6 19. Nh3 Kh8 20. d4 cxd4 21. cxd4
f4 22. exf4 exf4 23. Qa3 Qf6 24. Bd2 Rb8 25. Bb4 Bxh3 26. Bxf8 Bxf8 27. Qxh3
Qxd4 28. Rd1 Qxb2 29. Bd3 Bc5 30. Bxg6 Bxf2+ 31. Kf1 Qg7 32. Bd3 Be3 33. g3
fxg3 34. Qxg3 Qxg3 35. hxg3 Rb2 36. Rb1 Rf2+ 37. Ke1 Rh2 38. Rb8+ Kg7 39. Rb7+
Kf6 40. Rc7 c5 41. Rxa7 h5 42. Ra6+ Ke5 43. Rg6 Kd4 44. Bb5 c4 45. a5 c3 0-1

[Event "31è Open International d'Avoine 2016"]
[Site "Avoine"]
[Date "2016.07.23"]
[Round "3.33"]
[White "Lukasiewicz, Grzegorz"]
[Black "Mourgues, Jean-Marie"]
[Result "1-0"]
[WhiteElo "2211"]
[BlackElo "1963"]
[PlyCount "177"]
[EventDate "2016.??.??"]

1. d4 g6 2. Nf3 Bg7 3. e4 d6 4. Bc4 Nc6 5. Nc3 Nf6 6. Bb3 O-O 7. h3 e5 8. dxe5
Nxe5 9. O-O c6 10. Nxe5 dxe5 11. Qxd8 Rxd8 12. Bg5 h6 13. Be3 Be6 14. Bxe6 fxe6
15. Rfd1 Rxd1+ 16. Rxd1 Kf7 17. f3 Bf8 18. Ne2 Ke8 19. Nc1 b6 20. Nd3 Rd8 21.
Ra1 Nd7 22. Kf1 c5 23. c4 g5 24. Ke2 Bg7 25. h4 gxh4 26. Rh1 Bf6 27. Bxh6 Kf7
28. Be3 Rg8 29. Kf1 Nb8 30. Nf2 Nc6 31. Ng4 Rh8 32. Bf2 Bg5 33. Ke2 Rd8 34. Be3
Nd4+ 35. Kf2 Bxe3+ 36. Kxe3 Nc2+ 37. Ke2 Nd4+ 38. Kf2 Nc6 39. Ke3 Rh8 40. b3
Ke7 41. Rh3 Kd6 42. g3 Nd4 43. gxh4 Rh5 44. Rh2 Ke7 45. Kf2 Kd6 46. Kg3 Ke7 47.
Rf2 Kd6 48. Rb2 Ke7 49. Rd2 Kd6 50. Rh2 Ke7 51. Ne3 Kd6 52. Rf2 Ke7 53. Kg4 Rh8
54. h5 Rg8+ 55. Kh4 Rf8 56. Kg3 Rh8 57. Rh2 Rf8 58. Rf2 Rh8 59. Kh4 Rf8 60. h6
Nxf3+ 61. Kh5 Rf7 62. Ng4 Kf8 63. Nh2 Nxh2 64. h7 Rxf2 65. h8=Q+ Ke7 66. Qg7+
Rf7 67. Qxe5 Nf3 68. Qb8 Kf6 69. Qh8+ Ke7 70. Kg6 Rf4 71. Qg7+ Kd6 72. Qxa7 Ke5
73. Qxb6 Rg4+ 74. Kf7 Ng5+ 75. Ke7 Rxe4 76. Qxc5+ Kf4 77. a4 e5 78. a5 Re2 79.
a6 Ra2 80. a7 Nf3 81. b4 e4 82. Qa5 Rxa5 83. bxa5 e3 84. a8=Q e2 85. Qb8+ Ke4
86. Qb1+ Kd4 87. a6 e1=Q+ 88. Qxe1 Nxe1 89. a7 1-0